Central Library OPAC University of Rajshahi
Normal view MARC view

Entry Personal Name

Number of records used in: 4

001 - CONTROL NUMBER

  • control field: 7163

003 - CONTROL NUMBER IDENTIFIER

  • control field: BD-RjUL

005 - DATE AND TIME OF LATEST TRANSACTION

  • control field: 20230315172025.0

008 - FIXED-LENGTH DATA ELEMENTS

  • fixed length control field: 230315|| aca||aabn | a|a d

040 ## - CATALOGING SOURCE

  • Original cataloging agency: BD-RjUL
  • Transcribing agency: BD-RjUL

100 ## - HEADING--PERSONAL NAME

  • Personal name: Abu Zafar Obaidullah
  • Dates associated with a name: 1934–2001

670 ## - SOURCE DATA FOUND

  • Source citation: Work cat.: (BD-RjUL)81292: আকতার, মাহমুদা 7161, আবু জাফর ওবায়দুল্লাহ, আল মাহমুদ ও আসাদ চৌধুরীর কাব্যে লোকায়াত জীবন ও সংস্কৃতি (১৯৫৫-২০০৬) /, ২০২১